Statistics for Daniel Baldwin Filmography

Click here to take the quiz!

General Stats

  • This quiz has been taken 5 times
    (2 since last reset)
  • The average score is 30 of 153

Answer Stats

TypeYearName% Correct
TV Show2013, 2015Hawaii Five-0
100%
Film1999Active Stealth
50%
Film2003Ancient Warriors
50%
Film2010Ashley's Ashes
50%
Film2002Bare Witness
50%
Film1995Bodily Harm
50%
Film1989Born on the Fourth of July
50%
Film2015Bound
50%
TV Show1989CBS Summer Playhouse
50%
TV Show2015Celebrity Big Brother
50%
TV Show1989Charles in Charge
50%
Film2020Clean Sweep
50%
Film1996Commander Beef
50%
Film2019Crossbreed
50%
TV Show1998Dead Man's Gun
50%
Film2010Death and Cremation
50%
Film2019 | TBADevotion
50%
Film2010Double Tap
50%
Film2002Dynamite!
50%
TV Film1995Family of Cops
50%
TV Show1989Family Ties
50%
TV Film2009Grey Gardens
50%
TV Show2012Grimm
50%
Film2014Helen Alone
50%
Film1992Hero
50%
TV Show1993-1995Homicide: Life on the Street
50%
TV Film2000Homicide: The Movie
50%
TV Show2009I'm a Celebrity...Get Me Out of Here!
50%
Film2000In Pursuit
50%
FilmTBAJudgement
50%
Film2003King of the Ants
50%
Film1992Knight Moves
50%
TV Film1989L.A. Takedown
50%
Film1998Love Kills
50%
Film1996Mulholland Falls
50%
Film2015No Deposit
50%
Film1991Nothing but Trouble
50%
TV Show2002NYPD Blue
50%
Film2011Operation Belvis Bash
50%
TV Film2005Our Fathers
50%
Film2017Out West
50%
Film1998Phoenix
50%
Film2015Sicilian Vampire
50%
Film2003Stealing Candy
50%
TV Show1990Sydney
50%
Film2016The Guest House
50%
Film1997The Invader
50%
TV Show1993The Larry Sanders Show
50%
Film2017The Neighborhood
50%
TV Show1999The Outer Limits
50%
Film2016The Red Maple Leaf
50%
Film2010The Truth
50%
TV Film1988Too Good to Be True
50%
Film1996Trees Lounge
50%
Film2017Two Faced
50%
Film1998Vampires
50%
TV Film1996Yesterday's Target
50%
TV Film2002Aces
0%
Film2008A Darker Reality
0%
Film2013After Effect
0%
Film2013A Little Christmas Business
0%
Film2017Anabolic Life
0%
TV Mini-Series2021-2022Angel Dust
0%
TV Film2004Anonymous Rex
0%
TV Film1993Attack of the 50 Ft. Woman
0%
FilmTBAA Walking Miracle
0%
Film2005Boardwalk Poets
0%
Film2008Born of Earth
0%
Film2022Bring Him Back Dead
0%
Film1994Car 54, Where Are You?
0%
Film2012Cell Count
0%
Film2022ChrisAnder
0%
Film2010Christmas with a Capital C
0%
TV Show2009-2010Cold Case
0%
TV Show2019Damage Control
0%
Film2015Deadly Sanctuary
0%
Film1994Dead on Sight
0%
Film1998Desert Thunder
0%
Film2024Devil's Knight
0%
Film2013Divorce Texas Style
0%
Film2022Enchantress
0%
Film2001Fall
0%
Film1999Fallout
0%
Film2006Final Move
0%
TV Show2020For Nothing
0%
Short Film2000Gamblin'
0%
FilmTBAGreat Famine: Ottoman's Compassion and Mercy
0%
Film2022GUTTER
0%
Film1991Harley Davidson and the Marlboro Man
0%
Film2013H.O.A. Havoc
0%
Film2015Hope Lost
0%
Film2006I'll Be There with You
0%
TV Film2000Killing Moon
0%
TV Show2005Kings and Pharaohs
0%
FilmTBAK-Town
0%
Film2015Lady Psycho Killer
0%
Film2008Little Red Devil
0%
FilmTBALoaded Deck
0%
Film2019Making a Deal with the Devil
0%
FilmTBAMarina's City
0%
FilmTBAMonster On: The Art of the Craft
0%
Film2007Moola
0%
Film2013Mosaic
0%
Documentary2020My Promise to PJ
0%
TV Film1992Ned Blessing: The True Story of My Life
0%
Film2000Net Worth
0%
Film2009Nine Dead
0%
Film2011Oba: The Last Samurai
0%
TV Special2017One Night Only: Alec Baldwin
0%
TV Film1998On the Border
0%
TV Film2003Open House
0%
Film2004Paparazzi
0%
Film2015Perception
0%
FilmTBAPTSD: A Soldiers Revenge
0%
FilmTBARecipes for Love: The Series
0%
Film2009Shadowheart
0%
Film2006Shut Up and Shoot!
0%
Film2005Sidekick
0%
Film1999Silicon Towers
0%
Film2008Silver Man
0%
TV Show2014-2016Soba Life
0%
Commercial2019, 2022SOBA Recovery Center
0%
Film2019Soulmates
0%
Film2016South of Heaven
0%
Film2019South of Heaven: Episode 2 - The Shadow
0%
Film2011Stripperland
0%
Film2020The 420 Movie: Mary & Jane
0%
Film2006The Beach Party at the Threshold of Hell
0%
Film2007The Blue Rose
0%
Film2020The Christmas Project Reunion
0%
TV Show2008The Closer
0%
Film2008The Devil's Dominoes
0%
TV Film1991The Heroes of Desert Storm
0%
Film1998The Pandora Project
0%
Film2004The Real Deal
0%
FilmTBAThe Red Man's View
0%
TV Show2007The Sopranos
0%
Short Film2013The Sound of Trains
0%
Film1998The Treat
0%
Film2012The Unbroken
0%
Film2014The Wisdom to Know the Difference
0%
TV Show2002Touched by an Angel
0%
Film2000Tunnel
0%
TV Show2001Twice in a Lifetime
0%
TV Film1996Twisted Desire
0%
Film2007Vegas Vampires
0%
Film2004Vendetta: No Conscience, No Mercy
0%
Film1999Water Damage
0%
Film2003Water's Edge
0%
TV Film2000Wild Grizzly
0%
Short Film2011Will
0%
TV Pilot1992Yesterday Today
0%

Score Distribution

Percentile by Number Answered

Percent of People with Each Score

Your Score History

You have not taken this quiz since the last reset